000 005110000a22001570004500
090 _aAR
_b01502
245 1 0 _aRole of habitat complexity and heterogeneity in structuring tropical mammal communities
650 1 4 _aRiqueza de especies
_93326
650 1 4 _aComunidades animales
_993616
650 1 4 _aEcología de comunidades
_93558
651 4 _lLlanos orientales
_pVenezuela
_992749
041 0 _aInglés
100 1 _aAugust, Peter V.
_993493
942 _cARTICULO
773 1 _tEcology
_357
_h6
_q1495-1507
_d1983
_g64
999 _c10585
_d10585